000 00781amm a2200265a 44500
008 210506s2019 cat
041 _acat
041 _beng
041 _bspa
245 _aRecull de termes: Aqüicultura
_h[en línia]
260 _aBarcelona
_bUniversitat Politècnica de Catalunya. Servei de Llengües i Terminologia
_c2019
300 _a5 p.
520 _a55
592 _aObra terminològica
593 _aDNG
593 _aFP
650 _agestió ambiental
_967242
650 _apiscicultura
_968537
856 _uhttps://www.upc.edu/slt/ca/terminologia-upc/vocabularis/aquicultura.pdf
901 _c<2019>
902 _a210506
942 _cMO
_n0
_2ddc
999 _c67857
_d67857